Penerbitan bahagian inventori harta tanah 2018

Bibliographic Details
Corporate Authors: Malaysia (Kementerian Kewangan), Jabatan Penilaian dan Perkhidmatan Harta
Format: Book
Published: Putrajaya : Jabatan Penilaian dan Perkhidmatan Harta 2019
Subjects:

MARC

LEADER 00000cam a2200000 7i4500
001 0000028465
005 20241122.0
008 190510 my a e
040 |a INS   |b eng   |e rda 
090 0 0 |a CD 560 
110 1 |a Malaysia   |e Kementerian Kewangan 
245 0 0 |a Penerbitan bahagian inventori harta tanah 2018 
264 1 |a Putrajaya :   |b Jabatan Penilaian dan Perkhidmatan Harta   |c 2019 
300 |a 1 CD :   |b illustrations ;   |c 4 3/4 inci. 
336 |a computer dataset  |2 rdacontent 
337 |a computer  |2 rdamedia 
338 |a computer disc  |2 rdacarrier 
650 0 |a Property   |x Periodicals   |z Malaysia 
650 0 |a Real estate business   |x Periodicals   |z Malaysia 
710 1 |a Jabatan Penilaian dan Perkhidmatan Harta 
999 |a CD00000570   |b CD-ROM   |c Media Collection   |e Default branch